Analýza zahraničného obchodu Ruska po vstupe do WTO diplomová práca

Na minha lista:
Detalhes bibliográficos
Autor principal: Zezula, Radoslav
Autor Corporativo: Obchodná fakulta EU. Katedra medzinárodného obchodu
Outros Autores: Ružeková, Viera, 1957-
Formato: Livro
Idioma:eslovaco
Publicado em: Bratislava 2015
Tags: Adicionar Tag
Sem tags, seja o primeiro a adicionar uma tag!

MARC

LEADER 00000nbm a2200000 4500
001 0203003
005 20161212103130.6
041 0 |a slo 
044 |a SK 
245 1 0 |a Analýza zahraničného obchodu Ruska po vstupe do WTO  |b diplomová práca  |c Radoslav Zezula ; školiteľ: Viera Ružeková 
264 1 |a Bratislava  |c 2015 
300 |a 83 s. 
100 1 |a Zezula, Radoslav 
700 1 |a Ružeková, Viera, 1957- 
710 2 |a Obchodná fakulta EU. Katedra medzinárodného obchodu